000 00379nam a2200109Ia 4500
008 171211s9999 xx 000 0 und d
245 _aPainting Nature in Watercolor with Cathy Johnson: 37 Step-by-Step Demonstrations Using Watercolor Pencil and Paint
245 _cCathy Johnson
260 _c2014
650 _xDrawing
856 _uhttp://down.ebook777.com/020/9781440328831.rar
999 _c348076
_d348076